Sharks of the world / (Record no. 192797)

MARC details
000 -LEADER
campo de control de longitud fija 00851nam a2200265 i 4500
001 - NÚMERO DE CONTROL
campo de control 192797
003 - IDENTIFICADOR DE NÚMERO DE CONTROL
campo de control ES-MaACL
005 - FECHA Y HORA DE LA ÚLTIMA TRANSACCIÓN
campo de control 20240308062950.0
008 - DATOS DE LONGITUD FIJA--INFORMACIÓN GENERAL
campo de control de longitud fija 230523s1992 nyua b 001 0 eng
020 ## - NÚMERO INTERNACIONAL ESTÁNDAR DEL LIBRO
Número Internacional Estándar del Libro 0713723416
040 ## - FUENTE DE CATALOGACIÓN
Centro/agencia transcriptor Es-MaACL
Lengua de catalogación spa
080 ## - NÚMERO DE LA CLASIFICACIÓN DECIMAL UNIVERSAL
Número de la Clasificación Decimal Universal 597.31
100 1# - ENTRADA PRINCIPAL--NOMBRE DE PERSONA
Nombre de persona Steel, Rodney
9 (RLIN) 226324
Término indicativo de función/relación Autor
245 10 - MENCIÓN DEL TÍTULO
Título Sharks of the world /
Mención de responsabilidad, etc. by Rodney Steel.
250 ## - MENCION DE EDICION
Mención de edición First paperback edition1992
260 ## - PUBLICACIÓN, DISTRIBUCIÓN, ETC.
Lugar de publicación, distribución, etc. London :
Nombre del editor, distribuidor, etc. Blandford Press,
Fecha de publicación, distribución, etc. 1992
Lugar de fabricación/manufactura (Hong Kong)
300 ## - DESCRIPCIÓN FÍSICA
Extensión 192 páginas :
Otras características físicas ilustraciones (blanco y negro y color) ;
Dimensiones 24 cm.
500 ## - NOTA GENERAL
Nota general Índice
504 ## - NOTA DE BIBLIOGRAFÍA, ETC.
Nota de bibliografía, etc. Bibliografía: páginas 189-190
650 #7 - PUNTO DE ACCESO ADICIONAL DE MATERIA--TÉRMINO DE MATERIA
Término de materia o nombre geográfico como elemento de entrada Tiburones
9 (RLIN) 173097
852 ## - LOCALIZACIÓN
Ubicación ES-MaACL
Número de control de estantería N-8411
Sublocalización o colección R.152490
itemnumber 200097
Ubicación en estantería Depósito J
Donativo/Legado Donación: Editorial
942 ## - ELEMENTOS DE ENTRADA SECUNDARIOS (KOHA)
Tipo de ítem Koha Libro impreso
Suprimir en OPAC No
Holdings
Estatus retirado Estado de pérdida Fuente del sistema de clasificación o colocación Estado de daño No para préstamo Biblioteca de origen Biblioteca actual Ubicación en estantería Fecha de adquisición Fuente de adquisición Total de préstamos Signatura topográfica completa Código de barras Visto por última vez Tipo de ítem Koha
    Clasificación decimal universal     Biblioteca del Ateneo de Madrid Biblioteca del Ateneo de Madrid Depósito J 23/05/2023 Donación   N-8411 101205389 23/05/2023 Libro impreso